| Поле | Название | Значение |
| |
Тип записи |
a |
| |
Библиографический уровень |
m |
| 001 |
Контрольный номер |
RU\NLR\BIBL_A\011858098 |
| 005 |
Дата корректировки |
20190214151826.4 |
| 010 |
Индекс ISBN |
__ |
| a |
ISBN |
978-5-00117-695-4 |
| d |
Цена |
1000-00 |
| 021 |
№ государственной регистрации |
__ |
| a |
Код страны |
RU |
| b |
№ документа |
2018-76494 |
| 035 |
Другие системные номера |
__ |
| a |
Идентификатор записи |
(RuMoRGB)009771860 |
| 100 |
Данные общей обработки |
__ |
| a |
Данные общей обработки |
20181108d2018 um y0rusy0189 ca |
| 101 |
Язык документа |
1_ |
| a |
Язык текста |
rus |
| c |
Язык оригинала |
eng |
| 102 |
Страна публикации |
__ |
| a |
Страна публикации |
RU |
| 105 |
Кодированные данные (монография) |
__ |
| a |
Кодированные данные (монография) |
y|||z|||000zy |
| 200 |
Заглавие и сведения об ответственности |
1_ |
| a |
Заглавие |
Диета для ума |
| e |
Сведения, относящиеся к заглавию |
научный подход к питанию для здоровья и долголетия |
| f |
Первые сведения об ответственности |
Лайза Москони |
| g |
Последующие сведения об ответственности |
перевод с английского Елены Погосян |
| d |
Параллельное заглавие |
Brain food |
| z |
Язык параллельного заглавия |
eng |
| 210 |
Выходные данные |
1_ |
| a |
Место издания |
Москва |
| c |
Издательство |
Манн, Иванов и Фербер |
| d |
Дата издания |
2018 |
| 215 |
Физическое описание |
__ |
| a |
Объем |
365 с. |
| c |
Иллюстрации/тип воспроизводства |
табл. |
| 320 |
Библиография |
__ |
| a |
Библиография |
Библиогр. в тексте примеч. |
| 330 |
Аннотация |
__ |
| a |
Аннотация |
Автор книги - эксперт в двух дисциплинах — нейробиологии и нутрициологии — рассказывает, как нужно питаться для поддержания максимальной эффективности и здоровья мозга. |
| 454 |
Оригинал |
_0 |
| 1 |
|
2001 |
| a |
|
Brain food |
| 1 |
|
700 1 |
| a |
|
Mosconi |
| b |
|
L. |
| g |
|
Lisa |
| 606 |
Тематические рубрики |
1_ |
| a |
Основная рубрика |
Здравоохранение. Медицинские науки |
| 2 |
Код системы |
nlr_sh |
| 3 |
Контрольный № нормативной записи |
RU\NLR\AUTH\66296531 |
| j |
Формальный подзаголовок |
Популярные издания |
| 606 |
Тематические рубрики |
__ |
| a |
Основная рубрика |
Диетотерапия |
| 610 |
Ключевые слова |
0_ |
| a |
Ключевые слова |
головной мозг |
| a |
Ключевые слова |
питание для мозга |
| a |
Ключевые слова |
диета для мозга |
| 686 |
Индексы других классификаций |
__ |
| a |
Индекс ББК |
53.51 |
| v |
Номер издания |
LBC/SL |
| 2 |
Код системы |
rubbk |
| 700 |
Автор |
_1 |
| a |
Фамилия |
Москони |
| b |
Имя |
Л. |
| g |
Полное личное имя |
Лайза |
| 801 |
Источник записи |
_0 |
| a |
Страна |
RU |
| b |
Организация |
NLR |
| c |
Дата составления |
20181108 |
| g |
Правила каталогизации |
RCR |
| 801 |
Источник записи |
_1 |
| a |
Страна |
RU |
| b |
Организация |
NLR |
| c |
Дата составления |
20181108 |
| 2 |
Код формата |
rusmarc |
| 801 |
Источник записи |
_2 |
| a |
Страна |
RU |
| b |
Организация |
NLR |
| c |
Дата составления |
20181123 |
| 2 |
Код формата |
rusmarc |
| 801 |
Источник записи |
_2 |
| a |
Страна |
RU |
| b |
Организация |
Центральная районная библиотека им. Г. А. Пирожникова |
| 852 |
Данные о местонахождении |
__ |
| j |
Шифр хранения |
53.51 |
| i |
Авторский знак |
М 826 |
| 901 |
Тип документа |
__ |
| t |
Тип документа |
m |
| 902 |
Роль лиц |
__ |
| b |
Редактор БЗ |
ОКиО/Струналь |